Kompjutery v analitečeskoj chimii : Perevod s angl /

Salvato in:
Dettagli Bibliografici
Autore principale: Barker, Philip G (Autore)
Natura: Libro
Pubblicazione: Moskva : Mir, 1987
Tags: Aggiungi Tag
Nessun Tag, puoi essere il primo ad aggiungerne!!

MARC

LEADER 00000nam a22000003a 4500
001 stu15744
005 20150617225655.7
008 ------s1987----xxr---------------------d
040 |a STU  |b slo 
041 0
044 |a xxr 
080 |a 681.3:543 
080 |a 543:681.3  |7 stu_us_auth*stu5529 
100 1 |a Barker, Philip G  |4 aut 
245 1 |a Kompjutery v analitečeskoj chimii :  |b Perevod s angl /  |c [aut.]Barker,Philip G 
260 |a Moskva :  |b Mir,  |c 1987 
300 |a 519 s :  |b Tab.,grafy,lit.,index 
996 |b C81013  |c C*81013  |l CCII  |s P  |a 0  |w stu15744_0001